=LDR 00000nam 2200000 4500 =001 INLIS000000000038776 =005 20200908125235 =035 ##$$a 0010-061300000038776 =008 200908################g##########0#ind## =041 ##$$a Ind =082 ##$$a 305.4 =090 ##$$a 305.4, Tes s =100 ##$$a Tessina, Tina b =245 1#$$a Sepuluh keputusan tercerdik yang bisa di buat oleh seorang wanita /$c Tina B. Tessina dan Elizabeth Friar Williams; Alih Bahasa, Ruth Kristianti; Editor, Daru Susilowati =260 ##$$a Yogyakarta :$b Karisma Press,$c [s.a] =300 ##$$a ii,280 hlm, ; $c 21 x 12 cm. =650 #4$$a Wanita - Keadaan Sosial =850 ##$$a NBPNMAT =084 ##$$a 305.4 TES s =710 #$$a Wiliam, Elizabeth Friar =990 ##$$a 21112950 =990 ##$$a 21112949 =990 ##$$a 21112948 =990 ##$$a 21112949 =990 ##$$a 21112950 =990 ##$$a 21112948